| 000 | 01368cam a22003258a 4500 | ||
|---|---|---|---|
| 001 | 13324116 | ||
| 005 | 20050118192256.0 | ||
| 008 | 030826s2004 nyu b 001 0 eng | ||
| 010 | _a2003062245 | ||
| 020 | _a0333965752 (paper) | ||
| 040 |
_aDLC _cDLC _dDLC |
||
| 042 | _apcc | ||
| 050 | 0 | 0 |
_aHD30.3 _b.H3653 2004 |
| 082 | 0 | 0 |
_a658.45 _222 _bHAR |
| 100 | 1 | _aHargie, Owen. | |
| 245 | 1 | 0 |
_aCommunication Skills for Effective Management / _cOwen Hargie, David Dickson, and Dennis Tourish. |
| 260 |
_aNew York : _bPalgrave Macmillan, _cc2004. |
||
| 263 | _a0401 | ||
| 300 |
_aviii, 488 p. : _bill. ; _c24 cm. |
||
| 504 | _aIncludes bibliographical references and index. | ||
| 650 | 0 | _aCommunication in management. | |
| 700 | 1 |
_aDickson, David, _d1950- |
|
| 700 | 1 | _aTourish, Dennis. | |
| 856 | 4 | 2 |
_3Contributor biographical information _uhttp://www.loc.gov/catdir/bios/hol056/2003062245.html |
| 856 | 4 | 2 |
_3Publisher description _uhttp://www.loc.gov/catdir/description/hol053/2003062245.html |
| 856 | 4 | 1 |
_3Table of contents _uhttp://www.loc.gov/catdir/toc/hol051/2003062245.html |
| 942 |
_2ddc _cBB |
||
| 999 |
_c10634 _d10634 |
||